Ramakrishna Paramahansa/ (Record no. 192666)
[ view plain ]
| 000 -LEADER | |
|---|---|
| fixed length control field | 00625nam a22001937a 4500 |
| 005 - DATE AND TIME OF LATEST TRANSACTION | |
| control field | 20220929111622.0 |
| 010 ## - LCCN (DPL NO) | |
| LC control number | B-745727 |
| 020 ## - INTERNATIONAL STANDARD BOOK NUMBER | |
| International Standard Book Number | 9789384926328 |
| Terms of availability | 250.00 |
| 037 ## - SOURCE OF ACQUISITION | |
| Source of stock number/acquisition | Prudence Publisher |
| 082 ## - DEWEY DECIMAL CLASSIFICATION NUMBER | |
| Classification number | 921 |
| 100 ## - MAIN ENTRY--PERSONAL NAME | |
| Personal name | Soni, Prakash Ved |
| 245 ## - TITLE STATEMENT | |
| Title | Ramakrishna Paramahansa/ |
| Statement of responsibility, etc | Ved Prakash Soni |
| 250 ## - EDITION STATEMENT | |
| Edition statement | 1st |
| 260 ## - PUBLICATION, DISTRIBUTION, ETC. (IMPRINT) | |
| Place of publication, distribution, etc | Delhi |
| Name of publisher, distributor, etc | Prudence Publisher |
| Date of publication, distribution, etc | 2021 |
| 270 ## - ADDRESS | |
| Address | 518/6B, 2nd Floor, Karakari Road, Vishwas Nagar, Shahdara |
| City | Delhi |
| Postal code | 110032 |
| 300 ## - PHYSICAL DESCRIPTION | |
| Extent | 104p. |
| Dimensions | 23cm(Hbk) |
| 942 ## - ADDED ENTRY ELEMENTS (KOHA) | |
| Source of classification or shelving scheme | Dewey Decimal Classification |
| Item type | English Books |
| Classification part | 921 |
| Call number suffix | SON |
| Withdrawn status | Lost status | Not for loan | Collection code | Home library | Current library | Date acquired | Source of acquisition | Cost, normal purchase price | Full call number | Barcode | Copy number | Cost, replacement price | Koha item type | Public note |
|---|---|---|---|---|---|---|---|---|---|---|---|---|---|---|
| Non-fiction | Kadipur | Kadipur | 29/09/2022 | 22.9.22/Gift | 250.00 | 921 SON | B-745727 | 1 | 250.00 | English Books | Gift |
